| 000 | 00801 a2200253 4500 | ||
|---|---|---|---|
| 005 | 20251212152808.0 | ||
| 008 | 251212b |||||||| |||| 00| 0 eng d | ||
| 020 | _a978-0-262-04958-0 | ||
| 040 |
_aCRL _cCRL |
||
| 041 |
_2eng _aeng |
||
| 084 |
_aO111:g(W:511) R5 _qCRL |
||
| 100 |
_aHeinze, Eric _9850981 |
||
| 245 |
_aComing clean: _bthe rise of critical theory and the future of the left |
||
| 260 |
_bThe MIT Press _c2025 _aCambridge |
||
| 300 | _a240p. | ||
| 365 |
_b 2450.00 _cINR |
||
| 650 | _2ENGLISH LITERATURE | ||
| 650 | _2CRITICISM | ||
| 650 | _2LIBERALISM | ||
| 650 | _2POLITICAL SCIENCE | ||
| 700 |
_aHeinze, Eric _eAuthor _9856382 |
||
| 942 |
_cTB _2CC _n0 _hO111:g(W:511) R5 |
||
| 999 |
_c1465317 _d1465317 |
||